000 01680nam a2200493 c 4500
999 _c50684
_d50684
003 BLK
005 20250215112012.0
008 180408b bul|||||r ||||||| ||bul||
010 _aKNG00054559000
020 _a954-9548-87-2
040 _aBLK
041 _aBUL
_cBUL
072 7 _2bullib
_aЯ
_xАвтографи
072 7 _2bullib
_aРА
_xРусенски автори
080 _aКраезнание
_b908
_x(497.215)(059)
_z908(497.215)(059)
100 1 _aБърчева, Мариана
_eпърви автор
_9283383
139 _aБърчева, Мариана и др.
_bБ 93
245 1 0 _aРусенската хроника
_bДати, събития и личности до средата на ХХ в.
_cМариана Бърчева; съавт. Стоян Йорданов.
257 _aBGR
260 _bАвангард принт
_c2004
300 _a213 с.
_bс ил.
_c24 см
380 _a9
500 _aОфс. изд.
650 4 _aРусе - история
_9242626
650 4 _aГрадове, български - история
_9243670
651 4 _aРусе
_9179462
651 4 _aБългария
_9241624
653 _aРусе
653 _aистория
653 _aдати
653 _aличности
653 _aхронология
659 _aЯ
700 1 _aЙорданов, Стоян
_eсъавт.
_9366564
852 _aЦб 224276
852 _aК 94(497.2)/Б 25 М
856 4 _qpdf
856 4 _qpdf
942 _cKNG
_n0
_010
_s1
944 _aCR
_c27.06.2005
_k30560
_lГеновева Генчева
944 _aED
_c08.06.2012
999 _d50684
999 _d50684